000 01211nam a22003617a 4500
003 OSt
005 20230424090027.0
008 221006b |||||||| |||| 00| 0 eng d
040 _cBiblioteca Lado V
082 _a700
_bC837a
100 _9316
_aCosta Peuser, Diego
_eeditor
245 _aArte al dia/
_bInternacional/
260 _bBoca Raton Museum of Art
_c2003
_aArgentina
300 _c20x28cm
_a128p.
490 _v2002
_x0326 4807
_a96
505 _tParadise Lost?
505 _tThe Presence of Madi Art
505 _tLiliana Porter
505 _tCarlos Betancourt
505 _tJavier Marin
505 _tAlejandra Bedoya
505 _tAda Balcacer
505 _tSergio payares
505 _tThe Armory Show 2003
650 _2Tesauro de Arte & Arquitectura
_aARTE
_9703
650 _2Tesauro de Arte & Arquitectura
_aARTE CONTEMPORANEO
650 _2Tesauro de Arte & Arquitectura
_aCULTURA
650 _2Tesauro de Arte & Arquitectura
_aARTE LATINOAMERICANO
650 _2Tesauro de Arte & Arquitectura
_aTEORIA
650 _2Tesauro de Arte & Arquitectura
_aCRITICA
650 _2Tesauro de Arte & Arquitectura
_aARGENTINA
942 _2ddc
_c1
_h700
_iC837a
_n0
999 _c3449
_d3449